| 000 -CABECERA |
| campo de control de longitud fija |
01445nam a2200337 a 4500 |
| 001 - NÚMERO DE CONTROL |
| campo de control |
000036047 |
| 005 - FECHA Y HORA DE LA ÚLTIMA TRANSACCIÓN |
| campo de control |
20200120222249.0 |
| 008 - DATOS DE LONGITUD FIJA--INFORMACIÓN GENERAL |
| campo de control de longitud fija |
090713s2003 esp0 gr0 0 000 d |
| 020 ## - NÚMERO INTERNACIONAL ESTÁNDAR DEL LIBRO |
| Número Internacional Estándar del Libro |
8484531422 |
| 090 ## - LOCALMENTE ASIGNADO TIPO-LC NÚMERO DE CLASIFICACIÓN (OCLC); NÚMERO DE CLASIFICACIÓN LOCAL (RLIN) |
| Número de clasificación (OCLC) (R) ; Numero de clasificación, CALL (RLIN) (NR) |
AN |
| Número cutter local (OCLC) ; Número de libro/Signatura topográfica íntegra, CALL (RLIN) |
XIN |
| 100 0# - ENTRADA PRINCIPAL--NOMBRE DE PERSONA |
| Nombre de persona |
Xingjian, Gao, |
| Fechas asociadas al nombre |
1940-. |
| 245 13 - MENCIÓN DE TÍTULO |
| Título |
El libro de un hombre solo / |
| Mención de responsabilidad, etc. |
Gao Xingjian ; traducción de Xin Fei y José Luis Sánchez ; epílogo de Liu Zaifu. |
| 250 ## - MENCIÓN DE EDICIÓN |
| Mención de edición |
2a. ed. |
| 260 ## - PUBLICACIÓN, DISTRIBUCIÓN, ETC. |
| Lugar de publicación, distribución, etc. |
Barcelona (España) : |
| Nombre del editor, distribuidor, etc. |
Planeta, |
| Fecha de publicación, distribución, etc. |
2003. |
| 300 ## - DESCRIPCIÓN FÍSICA |
| Extensión |
540 p. |
| 490 #0 - MENCIÓN DE SERIE |
| Mención de serie |
Booket. Novela |
| Designación de volumen o secuencia |
2120 |
| 500 ## - NOTA GENERAL |
| Nota general |
Título original : Yige ren de shengjing. |
| 500 ## - NOTA GENERAL |
| Nota general |
Premios : Premio Nobel de Literatura 2000. |
| 500 ## - NOTA GENERAL |
| Nota general |
Incluye información biográfica del autor al comienzo del texto. |
| 500 ## - NOTA GENERAL |
| Nota general |
Ejs.1 y 2 de Biblioparque : Con ISBN 9788484531791 del año 2008. |
| 520 3# - SUMARIO, ETC. |
| Sumario, etc. |
"Después de La Montaña del Alma, Gao Xingjian propone una nueva obra magistral. La dulzura de los recuerdos y de la infancia, la violencia política, el amor y también el erotismo se mezclan en esta novela sorprendente, resumen de la vida de un hombre solo y testimonio literario esencial y sublime." |
| 650 17 - PUNTO DE ACCESO ADICIONAL DE MATERIA--TÉRMINO DE MATERIA |
| Término de materia o nombre geográfico como elemento de entrada |
Novela adulto |
| 650 27 - PUNTO DE ACCESO ADICIONAL DE MATERIA--TÉRMINO DE MATERIA |
| Término de materia o nombre geográfico como elemento de entrada |
Literatura adulto |
| 650 27 - PUNTO DE ACCESO ADICIONAL DE MATERIA--TÉRMINO DE MATERIA |
| Término de materia o nombre geográfico como elemento de entrada |
Literatura china |
| 650 27 - PUNTO DE ACCESO ADICIONAL DE MATERIA--TÉRMINO DE MATERIA |
| Término de materia o nombre geográfico como elemento de entrada |
Amor en la literatura |
| 650 27 - PUNTO DE ACCESO ADICIONAL DE MATERIA--TÉRMINO DE MATERIA |
| Término de materia o nombre geográfico como elemento de entrada |
Soledad en la literatura |
| 650 27 - PUNTO DE ACCESO ADICIONAL DE MATERIA--TÉRMINO DE MATERIA |
| Término de materia o nombre geográfico como elemento de entrada |
Vida solitaria en la literatura |
| 700 1# - PUNTO DE ACCESO ADICIONAL--NOMBRE DE PERSONA |
| Nombre de persona |
Feic, Xin, |
| Término indicativo de función/relación |
tr. |
| 700 1# - PUNTO DE ACCESO ADICIONAL--NOMBRE DE PERSONA |
| Nombre de persona |
Sánchez, José Luis, |
| Término indicativo de función/relación |
tr. |
| 700 1# - PUNTO DE ACCESO ADICIONAL--NOMBRE DE PERSONA |
| Nombre de persona |
Zaifu, Liu. |